Методическое пособие по истории. Вып. 4: Новая история (Запись № 13599767)
[ простой вид ]
| 000 -МАРКЕР | |
|---|---|
| контрольное поле | 01826nam2a2200301 4500 |
| 001 - ИДЕНТИФИКАТОР ЗАПИСИ | |
| контрольное поле | rc\2941065 |
| 005 - ИДЕНТИФИКАТОР ВЕРСИИ | |
| контрольное поле | 20260406084023.0 |
| 035 ## - ДРУГИЕ СИСТЕМНЫЕ НОМЕРА | |
| Идентификатор записи | (NLR Aleph) 007089874 |
| 100 ## - ДАННЫЕ ОБЩЕЙ ОБРАБОТКИ | |
| Данные общей обработки | 20110825d1940 u y0rusy50 ca |
| 101 0# - ЯЗЫК РЕСУРСА | |
| Язык текста, звукозаписи и т.д. | русский |
| 102 ## - СТРАНА ПУБЛИКАЦИИ ИЛИ ПРОИЗВОДСТВА | |
| Страна публикации | российская федерация |
| 105 ## - ПОЛЕ КОДИРОВАННЫХ ДАННЫХ: ТЕКСТОВЫЕ МАТЕРИАЛЫ, МОНОГРАФИЧЕСКИЕ | |
| Кодированные данные о монографическом текстовом документе | b z ||||| |
| 200 1# - ЗАГЛАВИЕ И СВЕДЕНИЯ ОБ ОТВЕТСТВЕННОСТИ | |
| Основное заглавие | Новая история |
| Сведения, относящиеся к заглавию | [Для 9-го класса] |
| Обозначение и номер части | [Ч. 2] |
| Наименование части | (1871-1918 годы) (обл.: 1870-1918) |
| Первые сведения об ответственности | [Сост. А.В. Ефимов, А.П. Аверьянов, В.А. Орлов и др.] |
| Последующие сведения об ответственности | Под ред. чл.-кор. АН СССР проф. А.В. Ефимова и доц. А.В. Фохт |
| 205 ## - СВЕДЕНИЯ ОБ ИЗДАНИИ | |
| Сведения об издании | 2-е изд., испр. и доп. |
| 210 ## - ПУБЛИКАЦИЯ, РАСПРОСТРАНЕНИЕ И ДР. | |
| Дата издания, распространения и т.д. | 1940 |
| Место изготовления | Ленинград |
| 215 ## - ФИЗИЧЕСКАЯ ХАРАКТЕРИСТИКА | |
| Специфическое обозначение материала и объем | 312 с., 2 вкл. л. карт. |
| Другие сведения о физической характеристике | карт. |
| 461 #0 - УРОВЕНЬ НАБОРА | |
| Встроенное поле | 001rc\2941063 |
| -- | 2001#$aМетодическое пособие по истории$e[Для сред. школы]$eУтв. НКП РСФСР$fГос. науч.-исслед. ин-т школ Наркомпроса РСФСР$vВып. 4 |
| Системный номер (АБИС) связанной записи | 6562937 |
| Место публикации | Москва |
| Дата публикации | 1939-1940 |
| Издание | 2-е изд., доп. |
| Первые сведения об ответственности | Гос. науч.-исслед. ин-т школ Наркомпроса РСФСР |
| Имя издателя, распространителя и т.д. | Учпедгиз |
| Сведения, относящиеся к заглавию | [Для сред. школы] : Утв. НКП РСФСР |
| Заглавие | Методическое пособие по истории |
| Номер тома | Вып. 4 |
| 702 #1 - ИМЯ ЛИЦА - ВТОРИЧНАЯ ОТВЕТСТВЕННОСТЬ | |
| Код отношения | Редактор |
| Графика поля | Кириллица |
| Материалы, к которым относится поле | rus |
| Начальный элемент ввода | Ефимов |
| Часть имени, кроме начального элемента ввода | А. В. |
| Дополнения к именам, кроме дат | д-р ист. наук |
| Даты | 1896-1971 |
| Расширение инициалов личного имени | Алексей Владимирович |
| Системный номер авторитетной/нормативной записи | 256224 |
| Идентификатор авторитетной/нормативной записи | RU\NLR\AUTH\770256280 |
| 702 #1 - ИМЯ ЛИЦА - ВТОРИЧНАЯ ОТВЕТСТВЕННОСТЬ | |
| Начальный элемент ввода | Орлов |
| Часть имени, кроме начального элемента ввода | В.А. |
| Код отношения | Составитель |
| 702 #1 - ИМЯ ЛИЦА - ВТОРИЧНАЯ ОТВЕТСТВЕННОСТЬ | |
| Начальный элемент ввода | Аверьянов |
| Часть имени, кроме начального элемента ввода | А.П. |
| Код отношения | Составитель |
| 702 #1 - ИМЯ ЛИЦА - ВТОРИЧНАЯ ОТВЕТСТВЕННОСТЬ | |
| Код отношения | Редактор |
| Графика поля | Кириллица |
| Материалы, к которым относится поле | rus |
| Начальный элемент ввода | Фохт |
| Часть имени, кроме начального элемента ввода | А. В. |
| Даты | 1899-1972 |
| Расширение инициалов личного имени | Анастасия Викторовна |
| Идентификатор авторитетной/нормативной записи | RU\NLR\AUTH\770278695 |
| Системный номер авторитетной/нормативной записи | 2650662 |
| 801 #0 - ИСТОЧНИК ЗАПИСИ | |
| Страна | российская федерация |
| Организация | NLR |
| Правила каталогизации | psbo |
| 801 #1 - ИСТОЧНИК ЗАПИСИ | |
| Страна | российская федерация |
| Организация | ELAR |
| Источник данных | rusmarc |
| 852 ## - МЕСТОНАХОЖДЕНИЕ И ШИФР ХРАНЕНИЯ | |
| Идентификатор организации | NLR |
| Шифр хранения (Call Number) | 39-17/517(4) |
| 942 ## - ДОПОЛНИТЕЛЬНЫЕ ЭЛЕМЕНТЫ ЗАПИСИ (АБИС) | |
| Тип экземпляра АБИС | Неопределено |
| 980 ## - КОЛЛЕКЦИЯ | |
| Название коллекции | Национальная библиография |
Нет доступных экземпляров.